Elche CF Squad 2024-2025 - Statistics

General Stats
  • This quiz has been taken 28 times
    20 since last reset
  • The average score is 19 of 33
Answer Stats
# Position Nation Player % Correct
17 FW Spain Josan
88%
13 GK Argentina Matías Dituro
88%
9 FW Uruguay Agustín Álvarez
75%
15 DF Spain Álvaro Núñez
75%
22 DF Austria David Affengruber
75%
- Coach Spain Eder Sarabia
75%
11 FW Kosovo Elbasan Rashani
75%
1 GK Spain Miguel San Román
75%
21 MF Argentina Nicolás Castro
75%
36 FW Dominican Republic Rafa Núñez
75%
18 FW Guinea Sory Kaba
75%
4 DF Spain Bambo Diaby
63%
20 FW Spain Germán Valera
63%
12 DF Spain José Salinas
63%
10 MF Argentina Nicolás Fernández Mercau
63%
6 DF Spain Pedro Bigas
63%
8 MF Spain Raúl Guti
63%
30 MF Spain Rodrigo Mendoza
63%
14 MF Spain Aleix Febas
50%
16 DF Spain Álex Martín
50%
5 DF Spain John Donald
50%
2 DF Spain Mario Gaspar
50%
19 FW Morocco Mourad El Ghezouani
50%
32 FW Morocco Adam Boayar
38%
23 DF Spain Carlos Clerc
38%
31 MF Spain Gerard Hernández
38%
3 DF Spain Jairo Izquierdo
38%
26 DF Croatia Matía Barzic
38%
7 FW Spain Óscar Plano
38%
20 MF Spain Cristian Salvador
25%
8 MF Spain Marc Aguado
25%
23 FW Spain Pejiño
25%
24 FW Spain Yago Santiago
25%
No matching quizzes found
Score Distribution
Percent of People with Each Score
Percentile by Number Answered
Your Score History
You have not taken this quiz since the last reset